000 01054nam a22003254a 4500
001 UByD002917
003 AR-LpoUNG
005 20240710130116.0
008 240703s2005||||ag a j 000|j spa d
020 _a9875034189
040 _aAR-LpoUNG
_bspa
_cAR-LpoUNG
_eaacr
041 1 _aspa
044 0 _aag
082 0 4 _a808.068 3 548cue
_220
100 1 _aHoffmann, Ernst Theodor Amadeu
245 0 0 _aCuentos de navidad
260 _aBuenos Aires :
_bLa Página,
_cc2005.
300 _a158 p.
505 0 _aSugerido a partir de 12 años (etiqueta FUCSIA)
505 0 _aEl cascanueces / E.T.A. Hoffmann--Un extraño cuento de navidad / Guy de Maupassant--Cuento de navidad / Charles Dickens--El regalo de los reyes magos / O' Henry--Cuento de nochebuena / Rubén Darío.
650 4 _aCUENTOS
650 4 _aLITERATURA
653 0 _aLITERATURA INFANTOJUVENIL
700 1 _aMaupassant, Guy de
700 1 _aDickens, Charles
700 1 _aPorter, William Sydney
700 0 _aRubén Darío
905 _a52393
942 _cLIB
_2ddc
999 _c65484
_d65484